000 00540cam a2200193 4500
001 D15422
008 090401t1978 xxu||||| |||| 00| 0 eng d
035 _a(Sirsi) u22699
041 _aeng
050 _a639.1
110 _aRoyal Institution of Chartered Surveyors
_bScottish Branch
_9830
245 _aGamekeeping on the small estate:a factor`s advice Issued by the Scottish Branch of the RICS
260 _bRICS
_c1978
300 _a6p. 30cm
350 _a0
520 _aFiled in box 1978/45A
942 _n0
948 _c04/03/1997
999 _c88230
_d88230